000 00853cam a22002777a 4500
003 CHAP
005 20220329134151.0
008 971013s1958 r 00010 d
010 _a16429
011 _a17401
035 _a21484
040 _cCHAP
082 _a658.15
_bH6
100 0 0 _aHonsberg von der Nahmer, Werner.
_956150
245 1 3 _aLa esencia del control de costos en las industrias
260 _aMéxico, D.F. :
_bImprenta Universitaria,
_c1958
300 _a168p.
590 _aBATCH-UPD
_b10
_c20130110
_lUCH01
_h2013
590 _aBATCH-UPD
_b10
_c20130410
_lUCH01
_h1331
590 _aBATCH-UPD
_b10
_c20130914
_lUCH01
_h1053
590 _aCONVERSION
_b10
_c20130109
_lUCH01
_h1310
650 1 4 _aCostos de producción.
_928514
901 _aBK
942 _cLIBRO
949 _a658.15 H6
_bBC
_cLIBRO
_d33724000098141
_eLIBRO
_h25142
_i21484
_si
999 _c16429
_d16429